| 000 | 00547nam a2200181 a 4500 | ||
|---|---|---|---|
| 005 | 20140412111414.0 | ||
| 008 | 070703s19uu xx 00 eng d | ||
| 020 | _a0-06-022544-0 | ||
| 050 |
_aER _bW11 1977 |
||
| 100 | _aHoff, Syd | ||
| 245 | _aWalpole. | ||
| 260 |
_aOhio : _bWeekly reader books, _c1977. |
||
| 300 | _a32 | ||
| 440 | _aAn early I can read book | ||
| 520 | _aAlthough walpole is the biggest walrus in the herd, he would rather playwith the baby walruses than be a leader. | ||
| 650 | _aWalruses--Fiction | ||
| 999 |
_c105772 _d105772 |
||